ნორმალური ფორმატი
MARC ფორმატი
ჩანაწერი Corporate Name
ჩანაწერთა რაოდენობა, რომელიც გამოყენებულია: 1
001 - CONTROL NUMBER
- control field: 18268
003 - CONTROL NUMBER IDENTIFIER
- control field: GE_BSU
005 - DATE AND TIME OF LATEST TRANSACTION
- control field: 20230529145126.0
008 - FIXED-LENGTH DATA ELEMENTS
- fixed length control field: 230529|| aca||aabn | a|a d
040 ## - CATALOGING SOURCE
- Original cataloging agency: GE_BSU
- Transcribing agency: GE_BSU
110 ## - HEADING--CORPORATE NAME
- Corporate name or jurisdiction name as entry element: საქ. ეროვნ. მუზეუმი
- Subordinate unit: ს. ჯანაშიას სახ. საქ. მუზეუმი.
670 ## - SOURCE DATA FOUND
- Source citation: Work cat.: (GE_BSU): ლომოური, თამარ 18267, ფულის მიმოქცევის ისტორიისათვის შუა საუკუნეების საქართველოში = On the history of monetary circulation in medieval Georgia :
